Fenomén postavený na zážitkoch
Event marketing a jeho vedúce postavenie v stratégii mnohých značiek. Usporiadanie eventu ako forma komunikácie so zákazníkmi. Imidž značky. Očakávanie firmy od eventov. Čo motivuje ľudí zúčastniť sa eventu. Aké technológie sú v event marketingu. Slovenské firmy a event marketing.
Salvato in:
| Autore principale: | |
|---|---|
| Natura: | Capitolo di libro |
| Lingua: | slovacco |
| Soggetti: | |
| Tags: |
Nessun Tag, puoi essere il primo ad aggiungerne!!
|
MARC
| LEADER | 00000naa a2200000 4500 | ||
|---|---|---|---|
| 001 | 0191856 | ||
| 005 | 20231113101709.5 | ||
| 041 | 0 | |a slo | |
| 044 | |a SK | ||
| 245 | 1 | 0 | |a Fenomén postavený na zážitkoch |c Petra Švorcová |
| 520 | |a Event marketing a jeho vedúce postavenie v stratégii mnohých značiek. Usporiadanie eventu ako forma komunikácie so zákazníkmi. Imidž značky. Očakávanie firmy od eventov. Čo motivuje ľudí zúčastniť sa eventu. Aké technológie sú v event marketingu. Slovenské firmy a event marketing. | ||
| 610 | 2 | 0 | |a event marketing |
| 610 | 2 | 0 | |a firmy |
| 610 | 2 | 0 | |a zákazníci |
| 610 | 2 | 0 | |a značky |
| 610 | 2 | 0 | |a komunikácia marketingová |
| 100 | 1 | |a Švorcová, Petra | |